Pokémon, dinosaure ou médicament ? #2 - Statistiques

Statistiques générales
  • Ce quiz a été pris 48 fois
  • Le résultat moyen est 16 sur 30
Statistiques - réponses
Question Réponse % Correct
Xatu Pokémon
86%
Altaria Pokémon
84%
Lilia Pokémon
77%
Muxol Médicament
75%
Hippodocus Pokémon
75%
Méios Pokémon
75%
Gardenal Médicament
73%
Tritox Pokémon
73%
Zorua Pokémon
73%
Monaflèmit Pokémon
68%
Klonopin Médicament
64%
Aerosteon Dinosaure
59%
Aflavis Médicament
59%
Trachodon Dinosaure
55%
Hippoveno Médicament
55%
Ocaliva Médicament
52%
Puregon Médicament
50%
Cardiodon Dinosaure
48%
Dimetrum Médicament
45%
Hippodraco Dinosaure
39%
Moros Dinosaure
39%
Zoryon Médicament
36%
Shanag Dinosaure
32%
Volibris Médicament
32%
Teralithe Médicament
32%
Kurupi Dinosaure
25%
Malefica Dinosaure
23%
Zanabazar Dinosaure
23%
Jakapil Dinosaure
20%
Saturnalia Dinosaure
7%
Aucun quiz correspondant
Distribution des résultats
% des personnes avec chaque résultat
Percentile par nombre de réponses
Votre historique - résultats
Vous n’avez pas pris ce quiz